Online Catalogue and eLibrary

Women and the State: (Record no. 1739)

MARC details
000 -LEADER
fixed length control field 00587nam a2200229Ia 4500
005 - DATE AND TIME OF LATEST TRANSACTION
control field 20250217025808.0
008 - FIXED-LENGTH DATA ELEMENTS--GENERAL INFORMATION
fixed length control field 240331s9999 xx 000 0 und d
020 ## - INTERNATIONAL STANDARD BOOK NUMBER
ISBN 0748403612
082 ## - DDC Classification
Item Number - Author Mark RAI
DDC Edition Number 2271
Class No. 305.4
245 #0 - TITLE STATEMENT
Title Women and the State:
Remainder of title International Perspectives
260 ## - PUBLICATION, DISTRIBUTION, ETC.
Place of publication, distribution, etc. London;
-- Bristol
Name of publisher, distributor, etc. Taylor & Francis
Date of publication, distribution, etc. 1996
300 ## - PHYSICAL DESCRIPTION
Extent (e.g. Volumes, Pages etc.) vii, 182 p.,
650 ## - SUBJECT ADDED ENTRY--TOPICAL TERM
Topical term or geographic name entry element Women
650 ## - SUBJECT ADDED ENTRY--TOPICAL TERM
Topical term or geographic name entry element International
650 ## - SUBJECT ADDED ENTRY--TOPICAL TERM
Topical term or geographic name entry element State
650 ## - SUBJECT ADDED ENTRY--TOPICAL TERM
Topical term or geographic name entry element Feminism
650 ## - SUBJECT ADDED ENTRY--TOPICAL TERM
Topical term or geographic name entry element Gender
650 ## - SUBJECT ADDED ENTRY--TOPICAL TERM
Topical term or geographic name entry element Poverty Reduction
700 ## - ADDED ENTRY--PERSONAL NAME
Personal name Rai, S. M
Relator term (Role) Editor
700 ## - ADDED ENTRY--PERSONAL NAME
Personal name Lievesley, G
Relator term (Role) Editor
942 ## - Koha item type (Biblio)
Koha item type Books in Stacks (Lending)
Holdings
Lost status Damaged status Collection code Home library Current library Shelving location Date acquired Full call number Accession Number Item type
    Lending WERC Library WERC Library Social Science Cupboard 03/31/2024 305.4 WOM 2271 Books in Stacks (Lending)

© WERC Library